logo

Bir Sreshtho Munshi Abdur Rouf Library
Jhenaidah Cadet College

Anthology of Bengali Proverbs and Bachans / (Record no. 2021)

MARC details
000 -LEADER
fixed length control field 00595nam a2200229 a 4500
001 - CONTROL NUMBER
JCCL Control Number 2021
003 - CONTROL NUMBER IDENTIFIER
JCCL marc code BD-JhCC
005 - DATE AND TIME OF LATEST TRANSACTION
control field 20171028184241.0
008 - FIXED-LENGTH DATA ELEMENTS--GENERAL INFORMATION
fixed length control field 171028s2003 bg |||| ||a| 000 0 eng d
020 ## - INTERNATIONAL STANDARD BOOK NUMBER
International Standard Book Number 9840743597
035 ## - SYSTEM CONTROL NUMBER
system control number (BD-JhCC) 2021
040 ## - CATALOGING SOURCE
Original cataloging agency BD-JhCC
Modifying agency BD-JhCC
041 ## - LANGUAGE CODE
Language code of Book eng
082 ## - DEWEY DECIMAL CLASSIFICATION NUMBER
Classification number 398.99144
Author mark and Year ZAM 2003
100 ## - MAIN ENTRY--PERSONAL NAME
Personal name Zamir, Muhammad
245 ## - TITLE STATEMENT
Title Anthology of Bengali Proverbs and Bachans /
Statement of responsibility, etc Muhammad Zamir
260 ## - PUBLICATION, DISTRIBUTION, ETC. (IMPRINT)
Place of publication, distribution, etc Dhaka :
Name of publisher, distributor, etc Bangla Academy Dhaka ,
Date of publication, distribution, etc 2003
300 ## - PHYSICAL DESCRIPTION
Pagination 228 p .:
Dimensions 24 cm .
650 ## - SUBJECT ADDED ENTRY--TOPICAL TERM
Topical term or geographic name as entry element Proverbs,Bengali
942 ## - ADDED ENTRY ELEMENTS (KOHA)
Source of classification or shelving scheme Dewey Decimal Classification
Koha item type Books
Holdings
Source of classification or shelving scheme Damaged status Not for loan Home library Current library Shelving location Date of accession Cost, normal purchase price Total Checkouts Full call number Barcode Date last seen Copy number Koha item type
Dewey Decimal Classification     JCC Rouf Library JCC Rouf Library General Stacks 10/28/2017 250.00   398.99144 ZAM 2003 3351 10/28/2017 C-1 Books

JCC Library | Contacts | JCC Home

Last Update on 23 September 2017
Copyright @ 2017-2020 JCC Rouf Library
Rouf Library, Jhenidah Cadet College (JCC), Bangladesh